[Event "Elit(Limhamn-Stockholms SS)"]
[Site "?"]
[Date "2024.10.05"]
[Round "2"]
[White "Hauge, Lars Oskar"]
[Black "Johansson, Linus"]
[Result "1/2-1/2"]
[WhiteElo "2484"]
[BlackElo "2416"]
[PlyCount "174"]
[SourceVersionDate "2024.10.26"]

1. e4 c5 2. Nf3 d6 3. Nc3 Nf6 4. d4 cxd4 5. Qxd4 Nc6 6. Qd3 a6 7. a3 e6 8. Bf4
h6 9. Be2 e5 10. Be3 Be6 11. O-O Be7 12. Nd2 Rc8 13. Nd5 Bxd5 14. exd5 Nb8 15.
c4 Nbd7 16. b4 b6 17. f4 O-O 18. Qf5 a5 19. Bd3 axb4 20. axb4 Ra8 21. Bc2 Rxa1
22. Rxa1 Qc7 23. fxe5 Nxe5 24. Bb3 Nfg4 25. Bd4 Bg5 26. Nf1 g6 27. Qc2 Nd7 28.
Ng3 Bf6 29. Bxf6 Ngxf6 30. Qf2 Re8 31. Qd4 Kg7 32. Rf1 b5 33. Kh1 Qb6 34. Qf4
Qe3 35. Ba2 Qxf4 36. Rxf4 Ra8 37. Rf2 bxc4 38. Bxc4 Ra1+ 39. Rf1 Rxf1+ 40. Nxf1
Nb6 41. Ne3 Ne4 42. Bb5 f5 43. g3 Kf6 44. Kg2 Nc3 45. Bc6 Ke5 46. Be8 Ncxd5 47.
Nxd5 Nxd5 48. Bxg6 Nxb4 49. Kf3 Nc6 50. Ke3 Nd8 51. Be8 Ne6 52. Ba4 Ng7 53. Bd7
Nh5 54. Kf3 Nf6 55. Bc8 Nh7 56. Ke3 Ng5 57. Bb7 d5 58. Bc8 Ne4 59. Kf3 Nc5 60.
Ke3 Ne4 61. Kf3 Nf6 62. h4 d4 63. Ba6 Nd5 64. Bd3 Ne3 65. Ba6 Kd5 66. Bd3 Kc5
67. Ke2 Kb4 68. Kd2 Nc4+ 69. Kc2 Nd6 70. Kb2 Kc5 71. Kc2 Kd5 72. Kd2 Ne4+ 73.
Ke2 Nxg3+ 74. Kf3 Ne4 75. Kf4 Nd6 76. h5 Ke6 77. Bb1 Kf6 78. Bd3 Ke6 79. Bb1
Kf6 80. Bd3 Nf7 81. Bxf5 Ne5 82. Bh7 d3 83. Ke3 Kg5 84. Bxd3 Kxh5 85. Bb5 Kg5
86. Be2 h5 87. Bxh5 Kxh5 1/2-1/2

[Event "Elit(Vaxjo-Kristallen)"]
[Site "?"]
[Date "2024.10.05"]
[Round "2"]
[White "van Hengel, Hugo"]
[Black "Hillarp-Persson, Tiger"]
[Result "0-1"]
[WhiteElo "2236"]
[BlackElo "2457"]
[PlyCount "68"]
[EventDate "2024.??.??"]
[SourceVersionDate "2024.10.20"]

1. e4 c5 2. Nf3 d6 3. d4 cxd4 4. Nxd4 Nf6 5. Nc3 a6 6. Bg5 e6 7. f4 Qc7 8. Qd2
Nbd7 9. O-O-O b5 10. Qe3 Be7 11. Bxf6 Nxf6 12. Bd3 b4 13. Nce2 e5 14. Nf5 Bxf5
15. exf5 O-O 16. Kb1 Rfe8 17. Qf3 d5 18. fxe5 Qxe5 19. Qf4 Bc5 20. Qxe5 Rxe5
21. h3 h5 22. g4 hxg4 23. hxg4 Nxg4 24. Rh4 Nf2 25. Rf1 Rae8 26. Bxa6 Rxe2 27.
Bxe2 Rxe2 28. Rg1 Ne4 29. Rgh1 Kf8 30. Rh8+ Ke7 31. Rb8 Kf6 32. Rb7 Rf2 33. Rb5
Rxf5 34. Rd1 Ke6 0-1

[Event "Elit(Vaxjo-Kristallen)"]
[Site "?"]
[Date "2024.10.05"]
[Round "2"]
[White "Arman, Deniz"]
[Black "Walinder, Lars"]
[Result "1-0"]
[WhiteElo "2348"]
[BlackElo "2223"]
[PlyCount "49"]
[SourceVersionDate "2024.10.20"]

1. e4 e6 2. d4 d5 3. exd5 exd5 4. Bd3 Nc6 5. c3 Bd6 6. Nf3 Nge7 7. O-O Bg4 8.
Re1 Qd7 9. Nbd2 O-O-O 10. b4 Rde8 11. Qa4 Kb8 12. b5 Nd8 13. Ne5 Bxe5 14. dxe5
Ng6 15. Nb3 Nxe5 16. Be3 b6 17. Nc5 Qd6 18. Na6+ Kb7 19. Bf4 Bd7 20. Rad1 Qf6
21. Bf1 Re7 22. Re3 Rhe8 23. Bg3 Nc4 24. Rxe7 Rxe7 25. Nxc7 1-0

[Event "Elit(Limhamn-Stockholms SS)"]
[Site "?"]
[Date "2024.10.05"]
[Round "2"]
[White "Schneider, Stefan"]
[Black "Westerberg, Jonathan"]
[Result "1/2-1/2"]
[WhiteElo "2384"]
[BlackElo "2469"]
[PlyCount "92"]
[SourceVersionDate "2024.10.26"]

1. d4 d5 2. c4 dxc4 3. e3 e5 4. Bxc4 exd4 5. exd4 Bd6 6. Nf3 Nf6 7. Qe2+ Qe7 8.
Qxe7+ Bxe7 9. O-O O-O 10. Re1 Bd6 11. Nc3 a6 12. Bg5 Nbd7 13. Ne5 b5 14. Bb3
Bb7 15. Nxd7 Nxd7 16. Be7 Rfe8 17. Bxd6 cxd6 18. Bd5 Bxd5 19. Nxd5 Nf6 20.
Nxf6+ gxf6 21. Kf1 Rac8 22. Rxe8+ Rxe8 23. Rc1 Re4 24. Rd1 Kf8 25. f3 Rh4 26.
h3 Ke7 27. Kf2 Ke6 28. Kg3 Rh5 29. f4 b4 30. Re1+ Kd7 31. b3 Rd5 32. Rd1 Ra5
33. Rd2 Ke6 34. Kg4 h5+ 35. Kf3 Kd5 36. f5 Rb5 37. g4 h4 38. Kf4 Rb8 39. Re2
Kxd4 40. Re7 Rf8 41. Rd7 Kc5 42. Rc7+ Kb6 43. Rd7 Kc6 44. Ra7 Kb6 45. Rd7 Kc6
46. Ra7 Kb6 1/2-1/2

[Event "Elit(Wasa-Eksjo)"]
[Site "?"]
[Date "2024.10.04"]
[Round "1"]
[White "Vernersson, Per"]
[Black "Cramling, Pia"]
[Result "1/2-1/2"]
[WhiteElo "2256"]
[BlackElo "2425"]
[PlyCount "89"]
[SourceVersionDate "2024.10.18"]

1. d4 Nf6 2. c4 e6 3. Nf3 d5 4. Nc3 c6 5. e3 Nbd7 6. Qc2 Bd6 7. Be2 dxc4 8. a4
a5 9. Bxc4 O-O 10. O-O Qe7 11. Ne4 Nxe4 12. Qxe4 e5 13. dxe5 Nxe5 14. Nxe5 Qxe5
15. Qxe5 Bxe5 16. Rd1 Re8 17. e4 Be6 18. Bxe6 Rxe6 19. Ra3 Rd6 20. Rxd6 Bxd6
21. Rd3 Bb4 22. Kf1 Re8 23. Bd2 Bxd2 24. Rxd2 g6 25. f3 Re5 26. Ke2 Rc5 27. Kd3
Rc1 28. b3 Kf8 29. Rc2 Rb1 30. Kc4 Ke7 31. f4 Ke6 32. g3 h5 33. Rc3 b6 34. Rd3
Rc1+ 35. Rc3 Rd1 36. Rd3 Re1 37. e5 Rc1+ 38. Kd4 f6 39. exf6 Kxf6 40. Ke4 Ke6
41. h3 Re1+ 42. Kf3 Rf1+ 43. Ke4 Re1+ 44. Kf3 Rf1+ 45. Ke4 1/2-1/2

[Event "Elit(Wasa-Eksjo)"]
[Site "?"]
[Date "2024.10.04"]
[Round "1"]
[White "Krantz, Christopher"]
[Black "Bellon Lopez, Juan"]
[Result "0-1"]
[WhiteElo "2225"]
[BlackElo "2266"]
[PlyCount "64"]
[SourceVersionDate "2024.10.18"]

1. d4 Nf6 2. Nf3 c5 3. c3 b6 4. Bg5 Bb7 5. e3 e6 6. Nbd2 Be7 7. Bd3 h6 8. Bh4
d6 9. O-O Nbd7 10. e4 O-O 11. Re1 g5 12. Bg3 Nh5 13. Nc4 Nxg3 14. hxg3 cxd4 15.
cxd4 Rc8 16. Qe2 d5 17. exd5 Bxd5 18. Ne3 Nf6 19. Nxd5 Qxd5 20. a3 Kg7 21. Rad1
Rc7 22. Bb1 b5 23. Qd2 Nd7 24. Qd3 Rh8 25. Rc1 Rxc1 26. Rxc1 Bf8 27. g4 h5 28.
gxh5 g4 29. Ne5 Nxe5 30. dxe5 Qxe5 31. Rc6 Rxh5 32. Rc1 Qh2+ 0-1

[Event "Elit(LASK-Kungstornet)"]
[Site "?"]
[Date "2024.10.04"]
[Round "1"]
[White "Cicak, Slavko"]
[Black "Kucuksari, Kaan"]
[Result "1/2-1/2"]
[WhiteElo "2499"]
[BlackElo "2455"]
[PlyCount "131"]
[GameId "2100288615964835"]
[SourceVersionDate "2024.10.13"]

1. Nf3 Nf6 2. c4 b6 3. d3 Bb7 4. e4 d6 5. g3 g6 6. Bg2 Bg7 7. O-O Nbd7 8. Nc3 O-O 9. Ng5 e5 10. f4 c6 11. f5 b5 12. Be3 b4 13. Na4 c5 14. b3 Nb8 15. h3 Nc6 16. g4 Nd4 17. Nf3 Nd7 18. Qd2 gxf5 19. gxf5 Kh8 20. Kh2 Rg8 21. Rg1 Bf6 22. Bh1 Qe7 23. Nb2 Nb6 24. Raf1 a5 25. Bh6 Bc6 26. Nd1 a4 27. bxa4 Nxa4 28. Rxg8+ Rxg8 29. Rg1 Rxg1 30. Nxg1 Bh4 31. Nf3 Nxf3+ 32. Bxf3 Qf6 33. Kg2 Qd8 34. Nf2 Nc3 35. Ng4 Qg8 36. Kh1 f6 37. Bd1 Be8 38. Bf3 Bg5 39. Qf2 Bxh6 40. Nxh6 Qg5 41. Ng4 h5 42. Ne3 Nxa2 43. h4 Qh6 44. Qxa2 Qxe3 45. Kg2 Qxd3 46. Qa8 Qc2+ 47. Kh3 Qa4 48. Qd8 Kg7 49. Qe7+ Bf7 50. Bxh5 Qb3+ 51. Kg2 Qxc4 52. Bg6 b3 53. h5 b2 54. h6+ Kxh6 55. Qxf6 Qe2+ 56. Kh3 Qf1+ 57. Kh2 Qf4+ 58. Kh3 Qf3+ 59. Kh2 Qe2+ 60. Kh3 Qd3+ 61. Kh2 Qd2+ 62. Kh3 Qd3+ 63. Kh2 Qd2+ 64. Kh3 Qe3+ 65. Kh2 Qe2+ 66. Kh3 1/2-1/2

[Event "Elit(Rockaden, Stockholm-Vaxjo)"]
[Site "?"]
[Date "2024.10.04"]
[Round "1"]
[White "Neiksans, Arturs"]
[Black "Rydstrom, Tom"]
[Result "1-0"]
[WhiteElo "2571"]
[BlackElo "2274"]
[PlyCount "53"]
[GameId "2099942738333803"]
[SourceVersionDate "2024.10.12"]

1. Nf3 d5 2. g3 Nd7 3. d4 Nb6 4. Nc3 Bf5 5. Nh4 Bg4 6. h3 Bh5 7. Ng2 f6 8. Nf4 Bf7 9. Bg2 c6 10. e4 e5 11. dxe5 fxe5 12. Nd3 d4 13. Ne2 Bd6 14. f4 exf4 15. Nxd4 fxg3 16. Nf5 Bf8 17. O-O Be6 18. Nxg7+ Bxg7 19. Qh5+ Ke7 20. Bg5+ Bf6 21. Rad1 Qd4+ 22. Kh1 h6 23. Nf4 Bf7 24. Ng6+ Ke8 25. Bxf6 Nxf6 26. Qf5 Qxd1 27. Qe5+ 1-0

[Event "Elit(Stockholms SS-SS 4 Springare)"]
[Site "?"]
[Date "2024.10.04"]
[Round "1"]
[White "Seiger, Vidar"]
[Black "Olund, Joar"]
[Result "1/2-1/2"]
[WhiteElo "2010"]
[BlackElo "2368"]
[PlyCount "113"]
[SourceVersionDate "2024.10.18"]

1. Nf3 d5 2. g3 Nf6 3. Bg2 c6 4. c4 Bf5 5. O-O e6 6. d3 Nbd7 7. Nc3 dxc4 8.
dxc4 Bc5 9. b3 Qe7 10. Bb2 Rd8 11. Qc1 h6 12. Rd1 O-O 13. Na4 Bd6 14. Nd4 Be4
15. Bxe4 Nxe4 16. Qc2 Nef6 17. e3 Ba3 18. Bxa3 Qxa3 19. c5 Qb4 20. a3 Qa5 21.
b4 Qa6 22. Nb2 Ne5 23. a4 Nd5 24. Qb3 b6 25. e4 bxc5 26. exd5 cxd4 27. dxe6 Rd5
28. f4 Ng4 29. Re1 Ne3 30. exf7+ Rxf7 31. Nd3 Qb7 32. Rac1 c5 33. Qa2 cxb4 34.
Nxb4 Qxb4 35. Rxe3 dxe3 36. Qxd5 Qd2 37. Rc8+ Kh7 38. Qxd2 exd2 39. Rd8 Rb7 40.
Rxd2 Rb1+ 41. Kg2 Ra1 42. Rd4 Ra2+ 43. Kh3 a5 44. g4 g5 45. f5 Kg7 46. Kg3 Kf6
47. Kf3 Ke5 48. Re4+ Kd5 49. Re6 Ra3+ 50. Ke2 Ra2+ 51. Kd3 Rxa4 52. Rxh6 Rxg4
53. Ra6 Rd4+ 54. Ke3 Re4+ 55. Kd3 Rd4+ 56. Ke3 Re4+ 57. Kd3 1/2-1/2

[Event "Elit(Limhamn-Kristallen)"]
[Site "?"]
[Date "2024.10.04"]
[Round "1"]
[White "Johansson, Linus"]
[Black "Religa, Marek"]
[Result "1/2-1/2"]
[WhiteElo "2416"]
[BlackElo "2224"]
[PlyCount "223"]
[GameId "2100246760484967"]
[SourceVersionDate "2024.10.13"]

1. d4 f5 2. Nf3 Nf6 3. g3 g6 4. Bg2 Bg7 5. O-O O-O 6. c4 d6 7. Nc3 a5 8. b3 e5 9. dxe5 dxe5 10. Ba3 Qxd1 11. Raxd1 Re8 12. e4 Nxe4 13. Nxe4 fxe4 14. Ng5 Na6 15. Bxe4 Bf6 16. h4 Nb4 17. Rd2 c6 18. Rfd1 Kg7 19. Kg2 h6 20. Nf3 Bg4 21. Re1 Rad8 22. Bc1 Na6 23. Rxd8 Rxd8 24. Bb2 Bxf3+ 25. Bxf3 Rd2 26. Re2 Rxe2 27. Bxe2 e4 28. Bc1 g5 29. Bd2 a4 30. bxa4 gxh4 31. gxh4 Bxh4 32. Bg4 Bg5 33. Ba5 Nc5 34. Bc8 Bf6 35. Bc7 b6 36. Bxb6 Nxa4 37. Ba7 Nb2 38. Bb7 Nxc4 39. Bxc6 Nd6 40. a4 Bd8 41. Bb8 Nc4 42. Bxe4 Kf6 43. Bc2 Bb6 44. Bf4 h5 45. Bb3 Ne5 46. Bd2 Ng4 47. Be1 Kg5 48. a5 Ba7 49. Be6 Ne5 50. Bc8 Nd3 51. Bd2+ Kf6 52. f4 Nc5 53. Kf3 Nb3 54. Bc3+ Ke7 55. Ba6 Bd4 56. Be1 Kd6 57. Bc4 Nc5 58. Bf7 h4 59. Bxh4 Bc3 60. Bd8 Kd7 61. Bb6 Na4 62. Bd5 Kd6 63. Be4 Ke6 64. Ke3 Nxb6 65. axb6 Ba5 66. b7 Bc7 67. f5+ Ke5 68. Kd3 Bb8 69. Kc4 Ba7 70. Kb5 Kd6 71. Ka6 Bb8 72. Kb6 Kd7 73. Bd5 Ke7 74. Be6 Kd6 75. Bc4 Ke5 76. Bd3 Kd6 77. Bf1 Kd7 78. Bh3 Ke7 79. Bg4 Kf6 80. Kc6 Ke7 81. Be2 Be5 82. Bc4 Bg3 83. Be6 Bh2 84. Bc8 Bg3 85. Kd5 Bh2 86. Ke4 Kf6 87. Kf3 Kg5 88. Ke3 Kf6 89. Be6 Bb8 90. Ke4 Bh2 91. Kf3 Kg5 92. Bd7 Bb8 93. Bc8 Bh2 94. Ke3 Kf6 95. Kd4 Ke7 96. Kc5 Bg3 97. Kc6 Bh2 98. Be6 Bg3 99. Ba2 Bh2 100. Kb6 Bb8 101. Bb1 Kd6 102. Bc2 Ke7 103. Bd1 Kd6 104. Be2 Ke7 105. Bg4 Kf6 106. Bh3 Ke7 107. Kc6 Bh2 108. f6+ Kxf6 109. Kd7 Bg3 110. Kc8 Ke7 111. b8=N Bxb8 112. Kxb8 1/2-1/2